[Event "Kings Tournament ROMGAZ 2018-B"]
[Site "Bucharest"]
[Date "2018.11.21"]
[Round "2"]
[White "Paulet, Iozefina"]
[Black "L'Ami, Alina"]
[Result "1-0"]
[WhiteElo "2281"]
[BlackElo "2285"]
[Annotator "TA"]
[PlyCount "84"]
[EventDate "2018.11.21"]
[EventCountry "ROU"]
[SourceTitle "playchess.com"]
[Source "ChessBase"]
[SourceQuality "1"]

{[%evp 17,84,-9,-2,-39,-39,-58,-13,-75,-50,-79,-43,-44,-40,-40,-38,-39,-46,-50,-45,-33,-36,-34,-36,-41,13,26,17,0,-9,-56,-52,-189,-200,-400,-263,-719,-380,-721,-691,-767,-792,-1084,-808,-947,-910,-1071,-1043,-29983,-29984,-29991,-682,-682,-682,-658,-627,-29978,-29979,-5052,-936,-2247,-2302,-1779,-1750,-1750,-1518,-1223,670,422,29997]} 1. e4 c5 2. Nf3 d6 3. d3 Nc6 4. g3 g6 5. Bg2 Bg7 6. c3 Nf6 7. O-O O-O 8. Re1 e5 9. h3 d5 {[%cal Bd6d5,Bd5d4][%mdl 32] LiveBook: 8 Games. A05: Réti Opening: 1 Nf3 Nf6} (9... h6 10. a3 Be6 11. b4 b6 12. Bb2 Qc8 13. Kh2 Rd8 14. Nbd2 Qc7 15. Rc1 Qe7 16. d4 exd4 17. cxd4 {½-½ (36) Amin,B (2635)-Mamedov,R (2659) Dubai 2014}) 10. Qe2 d4 11. Nbd2 b6 $146 {Black is slightly better.} ({Predecessor:} 11... h6 12. Nh2 Be6 13. Ndf1 Rc8 14. g4 {½-½ (35) Bas,A (1499)-Konecny,S (1467) Woerth 2014}) 12. Nf1 (12. cxd4 $11 {keeps the balance.} exd4 13. a3) 12... Ba6 13. c4 Nh5 14. Bd2 Bc8 15. a3 a5 16. b4 axb4 17. axb4 Rxa1 18. Rxa1 Nxb4 19. Bxb4 cxb4 20. Qd2 f5 (20... Re8 $15) 21. exf5 $11 gxf5 22. Qxb4 e4 23. N3h2 e3 {Threatens to win with ...f4.} 24. f4 (24. Qb5 $15) 24... e2 $19 25. Nd2 $2 (25. Ra7 {might work better.}) 25... Qe8 {( -> ...Qe3+)} 26. Nhf3 $2 (26. Ndf1) 26... Nxg3 27. Kh2 $2 (27. Ne5 Bxe5 28. fxe5 Qxe5 29. Bd5+ Be6 30. Nf3 Qe3+ {[%mdl 64] Double Attack} 31. Kg2) 27... Nh5 28. Qxb6 Qe3 {[%mdl 64] Double Attack} 29. Qb5 Qxf4+ 30. Kg1 Qe3+ 31. Kh2 Nf4 32. c5 Qf2 {[%csl Gf4][%cal Rf2g2]} 33. Rg1 Nxg2 (33... e1=Q $142 34. Nf1 {[#]} Qexf1 $1 {[%mdl 576] Double Attack, Pin} 35. Qb3+ Kh8 36. Qc2 Qxc2 37. Nh4 Qcxg2+ $1 {[%mdl 512]} 38. Rxg2 Nxg2 39. Ng6+ hxg6 40. h4 Be5+ 41. Kh3 Qh1#) 34. Rxg2 {[#]} e1=Q $1 {[%mdl 512]} 35. Nxe1 Qxe1 36. Qc4+ Kh8 37. Nf3 Qe3 38. Ng5 Be5+ 39. Kh1 Qe1+ 40. Rg1 Bb7+ 41. c6 Bxc6+ $4 {[%mdl 8192]} (41... Qe2 $19 42. Rg2 Qf1+ 43. Rg1 Qf4) 42. Qxc6 $18 {Nf7+! would kill now.} Qe3 {Accuracy: White = 19%, Black = 40%.} (42... Qb4 $18 43. Qd7 Bg7) 1-0

[Event "Kings Tournament ROMGAZ 2018-B"]
[Site "Bucharest"]
[Date "2018.11.21"]
[Round "3"]
[White "Nisipeanu, Liviu-Dieter"]
[Black "Parligras, Mircea-Emilian"]
[Result "1-0"]
[WhiteElo "2674"]
[BlackElo "2645"]
[Annotator "TA"]
[PlyCount "101"]
[EventDate "2018.11.21"]
[EventCountry "ROU"]
[SourceTitle "playchess.com"]
[Source "ChessBase"]
[SourceQuality "1"]

{[%evp 25,101,-16,-13,-15,-10,-16,-3,0,-10,-13,0,0,0,0,0,0,0,0,6,11,20,21,17,6,28,25,28,28,27,27,35,31,31,32,77,70,176,176,158,158,235,223,343,334,358,363,359,379,359,347,412,409,496,249,327,334,841,855,925,934,873,875,747,824,798,771,5197,5173,4690,1460,29961,29964,29963,29962,9805,6635,29971,29971]} 1. Nf3 d5 2. d4 Nf6 3. Bf4 c5 4. e3 Nc6 5. c3 Qb6 6. Qb3 c4 7. Qc2 Bf5 8. Qc1 e6 9. Nbd2 Qd8 10. h3 h6 11. Be2 Be7 12. O-O O-O 13. Bd1 {D02: 1 d4 d5 2 Nf3 sidelines, including 2...Nf6 3 g3 and 2...Nf6 3 Bf4} (13. Re1 Ne4 14. Nxe4 Bxe4 15. Nd2 Bg6 16. Bf3 b5 17. e4 Qd7 18. exd5 exd5 19. Nf1 Bd8 20. Ne3 Ne7 {1-0 (44) Kamsky,G (2714)-Gelfand,B (2736) Moscow 2007}) 13... b5 {LiveBook: 3 Games} 14. Bc2 Bxc2 15. Qxc2 {The position is equal.} Bd6 16. Bxd6 Qxd6 17. e4 {Black must now prevent e5.} (17. Rfc1 {seems wilder.} Rfc8 18. e4 Qc7 19. e5 Nd7 20. b3) 17... dxe4 18. Nxe4 Nxe4 19. Qxe4 Qd5 $146 ({Predecessor:} 19... Rfd8 20. Rfe1 Rab8 {½-½ (28) Cottegnie,F (2300)-Van Vugt,W (2156) IECG email 2006}) 20. Qxd5 exd5 21. Ne5 Nxe5 22. dxe5 $11 {[%mdl 4096] Endgame KRR-KRR} f6 23. Rad1 Rad8 24. Rfe1 Kf7 25. exf6 gxf6 26. Kf1 Rfe8 27. Rxe8 Kxe8 {KR-KR} 28. Ke2 Ke7 29. Rd4 Ke6 30. Rh4 Rg8 {[#]} (30... Rb8 $14) 31. g4 $1 $18 Rh8 32. Rh5 a5 (32... Re8 $16 {was called for.} 33. Rxh6 Kf7+ 34. Kd2 Kg7) 33. Ke3 Kd6 (33... Rb8 {is a better defense.} 34. Rxh6 b4) 34. Kd4 Kc6 35. Rxd5 Re8 36. Rc5+ Kb6 {If only Black now had time for ...Re2....} 37. Rf5 Re2 38. Rxf6+ {[%mdl 64] [#] Double Attack} Kb7 39. b3 (39. h4 $142) 39... Rxa2 40. bxc4 b4 $2 (40... bxc4 41. f4 (41. Rxh6 Rxf2 42. Kc5 Rb2 $16) 41... a4 42. Rxh6 (42. Kxc4 Rb2 $16) 42... a3 43. Rh7+ (43. Kxc4 Rb2 $11) 43... Kb6) 41. cxb4 axb4 42. Kc5 b3 43. Rb6+ {[%mdl 64] Double Attack} Kc7 44. Rxb3 Rxf2 45. Ra3 h5 46. Ra7+ Kb8 47. Rh7 (47. Rg7 $142 hxg4 48. hxg4) 47... hxg4 48. hxg4 Rg2 49. Rg7 Kc8 50. g5 {[%cal Bg4g5,Bg5g6][%mdl 32]} Rg4 51. g6 {Accuracy: White = 80%, Black = 37%.} 1-0

[Event "Kings Tournament ROMGAZ 2018-B"]
[Site "Bucharest"]
[Date "2018.11.21"]
[Round "3"]
[White "Iordachescu, Viorel"]
[Black "Istratescu, Andrei"]
[Result "1-0"]
[WhiteElo "2597"]
[BlackElo "2565"]
[Annotator "TA"]
[PlyCount "77"]
[EventDate "2018.11.21"]
[EventCountry "ROU"]
[SourceTitle "playchess.com"]
[Source "ChessBase"]
[SourceQuality "1"]

{[%evp 15,77,28,25,25,29,31,68,71,72,79,72,75,66,78,86,77,106,90,74,34,95,106,158,59,85,74,33,0,0,-39,0,0,0,0,0,-8,0,-106,-115,-89,-93,-151,289,298,5333,5333,5333,5322,5314,5312,5312,5297,5289,0,5281,5273,1629,1612,29991,29992,29992,29993,29994,29995]} 1. e4 c6 2. d4 d5 3. e5 Bf5 4. Nf3 e6 5. Be2 Ne7 6. c3 Nd7 7. O-O h6 8. Nbd2 {B12: Caro-Kann: Advance Variation} Qc7 {LiveBook: 21 Games} (8... c5 9. dxc5 Nxc5 10. Nd4 Nd7 11. Nxf5 Nxf5 12. Bd3 Ne7 13. Nf3 Nc6 14. Re1 Qc7 15. Qe2 g5 {0-1 (50) Karjakin,S (2773)-Mamedyarov,S (2801) Saint Louis 2018}) 9. a4 c5 10. dxc5 {White has an edge.} Nxe5 $146 ({Predecessor:} 10... Nxc5 11. Nd4 a6 12. a5 Qxe5 13. b4 Nd7 14. b5 Bg6 15. N2f3 Qb8 {1-0 (44) Eljoseph,H (2379)-Schmalz,P (2124) ICCF email 2017}) 11. Nxe5 Qxe5 12. Nf3 Qc7 13. b4 a6 14. Nd4 Bg6 15. f4 Nf5 16. Bg4 Nxd4 17. cxd4 {aiming for f5.} Be4 (17... Qd7 $14) 18. f5 $1 $16 {[%cal Rf5e6]} e5 ({Black should try} 18... h5 19. fxe6 hxg4 20. exf7+ Kd8 21. Bg5+ Kc8 22. Qxg4+ Qd7) 19. f6 ({Better is} 19. Be3 $1 $16) 19... gxf6 $14 20. Rxf6 {Hoping for Bh5.} Bg7 21. Rd6 Rd8 22. Rxd8+ (22. Rb6 {is interesting.} exd4 23. Bb2 Rg8 24. Bh3 Be5 25. Qh5) 22... Qxd8 23. Bb2 Qg5 {Strongly threatening ...Qe3+.} 24. dxe5 Bxe5 25. Bxe5 Qxe5 26. Ra3 (26. Qe1 $11) 26... Qb2 $17 {[%csl Ge4][%cal Rb2g2][%mdl 64] Double Attack} 27. Rg3 Qxb4 28. Qc1 (28. Bf3 $142) 28... Qxa4 $2 {[#]} (28... h5 $17 {keeps the pressure on.} 29. Be2 h4) 29. Qc3 $1 $18 {[%cal Rc3h8]} Rf8 $2 (29... d4 30. Qe1 Qc2) 30. Qe5+ Kd8 31. Qd6+ Ke8 {[#]} 32. Qb8+ $1 Ke7 33. Qc7+ Ke8 34. Qb8+ Ke7 35. Qxb7+ Kf6 36. Qb6+ Ke7 37. Qd6+ {White mates.} Ke8 38. h3 Qb5 {[#]} 39. Rb3 $1 {[%mdl 512] Accuracy: White = 71%, Black = 35%.} 1-0

[Event "Kings Tournament ROMGAZ 2018-B"]
[Site "Bucharest"]
[Date "2018.11.21"]
[Round "3"]
[White "L'Ami, Alina"]
[Black "Bulmaga, Irina"]
[Result "0-1"]
[WhiteElo "2285"]
[BlackElo "2386"]
[Annotator "TA"]
[PlyCount "72"]
[EventDate "2018.11.21"]
[EventCountry "ROU"]
[SourceTitle "playchess.com"]
[Source "ChessBase"]
[SourceQuality "1"]

{[%evp 22,72,0,0,0,0,8,22,340,332,345,91,81,78,78,44,147,74,54,27,51,-214,-39,-118,-23,-226,-79,-76,-85,-367,-376,-361,-382,-375,-377,-421,-420,-412,-352,-331,-233,-685,-702,-701,-700,-661,-661,-1019,-483,-29996,-29997,-29997,-29998]} 1. d4 Nf6 2. c4 e6 3. Nc3 Bb4 4. e3 O-O 5. Bd3 d5 6. Nf3 c5 7. O-O cxd4 8. exd4 dxc4 9. Bxc4 b6 10. Qe2 Bb7 11. Rd1 Bxc3 12. bxc3 Qc7 {E54: Nimzo-Indian: Rubinstein: Main Line: 7...dxc4 8 Bxc4} 13. Ne5 Nc6 (13... Nbd7 14. Nxd7 Qxd7 15. Bd2 Ne4 16. f3 Nxd2 17. Qxd2 Rac8 18. Bb3 Bd5 19. Qd3 Qc6 20. Rac1 Bc4 21. Bxc4 Qxc4 {0-1 (110) Kravtsiv,M (2665)-Ding,L (2777) Tbilisi 2017}) 14. Ba3 Rfd8 $146 {[%mdl 8192] [#]} (14... Nxe5 $11 15. dxe5 Ne4) ({Predecessor:} 14... Rfe8 15. Rac1 Nd5 16. Bb5 f6 17. Nxc6 Bxc6 18. Bxc6 Qxc6 19. c4 Nf4 20. Qf1 Rad8 21. g3 Qf3 22. gxf4 Qxa3 23. Qd3 Qxd3 24. Rxd3 Kf7 25. Kg2 {½-½ (25) Niklasson,C-Darga,K Eckernfoerde 1974}) 15. Nxf7 $1 $18 {[%mdl 512]} Re8 (15... Qxf7 16. Bxe6) 16. Bxe6 $2 (16. Nd6 $18) 16... Rxe6 $16 {[#]} 17. Nh6+ $1 {[%mdl 512]} gxh6 18. Qxe6+ {[%mdl 64] Double Attack} Kg7 (18... Qf7 $1 $14 19. Re1 Qxe6 20. Rxe6 Nd5) 19. Rd3 (19. Re1 $142) 19... Re8 20. Qf5 Ne7 21. Rg3+ $2 {[%mdl 8192] [#]} (21. Bxe7 $14 {keeps the upper hand.} Rxe7 22. Rg3+ Kf7 23. a4) 21... Ng6 $2 (21... Qxg3 $1 $19 {[%csl Gb7][%cal Rg3g2][%mdl 512]} 22. Qxf6+ (22. fxg3 Nxf5) 22... Kxf6 23. hxg3 Bd5) 22. h4 ({White should try} 22. h3 $15) 22... h5 (22... Kf7 $17 {...Nf4 is the strong threat.} 23. Re3 (23. h5 $2 Nf4 $19) 23... Nxh4) 23. Bb2 $2 (23. c4 $11) 23... Be4 (23... Ne4 $19 {has better winning chances.} 24. Rf1 Nxg3 25. fxg3 Rf8) 24. Qg5 $17 {[#]} Bd5 $1 25. Rf1 $2 {[%mdl 8192]} (25. c4 $17 Qxc4 26. Rc1) 25... Bc4 $19 {Hoping for ...Ne4.} 26. Rd1 Ne4 {[%cal Bf6e4,Be4g3,Bg3e2][%mdl 32]} 27. Qe3 Nxg3 28. Qxe8 Ne2+ 29. Kh1 Qf4 {[%cal Rf4h4]} 30. Qd7+ {[#]} Kh6 $1 31. Qh3 $2 (31. Qd8) 31... Qxf2 32. Bc1+ Nxc1 33. Rxc1 Bd5 {( -> ...Nf4)} 34. Rg1 Nxh4 (34... Nf4 $142 35. Qh2 b5) 35. Kh2 (35. c4 $19 Bxc4 36. Qd7) 35... Nf3+ 36. Qxf3 Bxf3 {Accuracy: White = 21%, Black = 26%.} 0-1

[Event "Kings Tournament ROMGAZ 2018-B"]
[Site "Bucharest"]
[Date "2018.11.21"]
[Round "3"]
[White "Foisor, Sabina-Francesca"]
[Black "Paulet, Iozefina"]
[Result "1/2-1/2"]
[WhiteElo "2264"]
[BlackElo "2281"]
[Annotator "TA"]
[PlyCount "97"]
[EventDate "2018.11.21"]
[EventCountry "ROU"]
[SourceTitle "playchess.com"]
[Source "ChessBase"]
[SourceQuality "1"]

{[%evp 23,97,29,37,-52,-47,-162,124,104,113,122,124,29,29,44,24,-962,-934,-1189,-71,-87,-63,-409,45,-8,-16,-7,-9,-49,0,-142,-142,-193,-167,-167,-172,-310,-8,-8,-8,-8,-8,-8,-8,-17,-8,-8,-8,-8,-8,-8,-8,-8,0,-10,-8,-77,-76,-314,-314,-323,-323,-323,-323,-323,-8,-8,-8,-8,0,-8,0,0,0,0,0,-323]} 1. d4 Nf6 2. Nf3 c5 3. d5 e6 4. c4 exd5 5. cxd5 d6 6. Nc3 g6 7. Nd2 Bg7 8. e4 O-O 9. Be2 a6 10. a4 Re8 11. O-O Nbd7 {[%cal Bb8d7,Bd7e5,Be5g4][%mdl 32]} 12. Qc2 Ne5 {LiveBook: 83 Games} 13. f4 {A77: Modern Benoni: Classical: 9...Re8 10 Nd2: 10...a6 and 10...Nbd7} (13. a5 $14) (13. Ra3 g5 14. Re1 g4 15. Nf1 Bd7 16. Ng3 Ng6 17. Bd2 Re5 18. Nd1 b5 19. axb5 axb5 20. Rxa8 Qxa8 21. Ne3 Re8 {½-½ (45) Dragun,K (2586)-Donchenko,A (2567) Biel 2015}) 13... Neg4 $15 {Strongly threatening ...Ne3.} 14. Nc4 {[#]} (14. Nf3 $15) 14... Rb8 $146 (14... Nxe4 $1 $19 {[%mdl 512]} 15. Bxg4 (15. Nxe4 $2 Bd4+ 16. Kh1 Nxh2 $19) 15... Nxc3 16. Bxc8 Ne2+ 17. Kh1 Rxc8) ({Predecessor:} 14... Nxe4 15. Nxe4 Bd4+ 16. Nf2 Bf5 17. Qd2 Rxe2 18. Qxe2 Qh4 19. h3 Nxf2 20. Rxf2 Bd3 {0-1 (64) Pavlidis,A (2363)-Filip,L (2483) Plovdiv 2012}) 15. h3 $16 {White is better.} b5 16. axb5 (16. hxg4 bxc4 17. g5 Ng4 $17) (16. Bxg4 Nxg4 17. axb5 Bd4+ 18. Kh1 axb5 $17) 16... axb5 17. Nxd6 ({Weaker is} 17. hxg4 bxc4 18. g5 Ng4 $11) (17. Bxg4 Nxg4 18. Nxb5 Rxb5 $15) (17. Na5 $1 $16 {[%cal Ra5c6] Hoping for Nc6.} c4 18. hxg4) 17... Qxd6 $11 18. hxg4 Nxg4 19. Bxb5 $2 {[%mdl 8192]} (19. e5 $11 Qb6 20. Bxg4 (20. Bxb5 c4+ 21. Rf2 Bf5 $17) 20... c4+ 21. Qf2 Qxf2+ 22. Kxf2 Bxg4 23. Re1) 19... Bd4+ $19 20. Kh1 {[#]} Qe7 $2 (20... Re5 $1 $19 {[%cal Re5h5][%mdl 512]} 21. Rf3 (21. fxe5 Qxe5) 21... Rh5+ 22. Rh3 Nf2+ 23. Qxf2 Bxf2 24. Rxh5 gxh5) 21. g3 $17 Bd7 $1 {[%cal Rd7b5]} 22. Ra7 $2 {[%mdl 8192]} (22. Bc4 $15) 22... Rbd8 $2 (22... Qf8 $1 $19 {[%cal Rf8h6]} 23. f5 Bxb5 24. Nxb5 Be3) 23. Bxd7 ({Better is} 23. Rb7 $14) 23... Rxd7 $11 24. Rxd7 Qxd7 25. Kg2 Nf6 (25... Bxc3 $5 26. bxc3 f5 $11) 26. Bd2 {[#]} (26. Re1 $11 {keeps the balance.}) 26... Nxe4 $1 $17 {[%mdl 576] Deflection} 27. Nxe4 (27. Re1 $17 {was called for.} Bxc3 28. Bxc3) 27... Qxd5 $19 28. Re1 {aiming for Kf1.} f5 {[%cal Re8e4]} 29. Kf3 (29. b3 $142) 29... Rxe4 $2 ({Not} 29... fxe4+ 30. Rxe4 Bxb2 31. Qc4 $17) (29... Kg7 $19 30. Qd3 h5) 30. Rxe4 $11 fxe4+ 31. Qxe4 Qxe4+ 32. Kxe4 Bxb2 $19 {[%mdl 4096] Endgame Black wants to play ...c4. KB-KB} 33. Kd5 Bd4 34. Ba5 Bf2 35. g4 Kf7 36. Bb6 Kf6 37. Bd8+ Kf7 38. Ke5 Bg3 39. Bb6 {[#]} (39. Bg5 $11) 39... c4 $1 $17 {[%cal Rc4c3] ...c3 is the strong threat.} 40. Ba5 $2 (40. Ke4 $17 {is the only way for White.}) 40... g5 $19 41. Kd4 gxf4 42. Kxc4 {[#]} Kg6 $1 {[%cal Rg6g5]} 43. Bd8 Bf2 $2 ({Black should play} 43... f3 $19 {( -> ...f2)} 44. Kd3 h6) 44. Kd3 $11 {The position is equal.} Be3 45. Ke4 Bc1 46. Kf3 Kf7 47. Bg5 Kg6 48. Bxf4 Bxf4 49. Ke4 $2 {[%mdl 40960] Accuracy: White = 21%, Black = 31%. . An unexpected result.} (49. Kxf4 $11 {and White has nothing to worry.} h6 50. Kg3) 1/2-1/2

[Event "Kings Tournament ROMGAZ 2018-B"]
[Site "Bucharest"]
[Date "2018.11.21"]
[Round "4"]
[White "Nisipeanu, Liviu-Dieter"]
[Black "Iordachescu, Viorel"]
[Result "1/2-1/2"]
[WhiteElo "2674"]
[BlackElo "2597"]
[Annotator "TA"]
[PlyCount "104"]
[EventDate "2018.11.21"]
[EventCountry "ROU"]
[SourceTitle "playchess.com"]
[Source "ChessBase"]
[SourceQuality "1"]

{[%evp 16,104,22,16,37,31,34,41,40,49,50,29,64,62,129,128,152,73,98,77,71,29,51,28,24,22,40,52,57,0,12,0,21,0,0,0,0,-12,0,-69,-27,-43,0,0,0,-16,0,0,0,0,493,-47,-49,-73,-79,-79,-79,-74,-43,-123,-117,-114,-109,-117,-110,-110,0,0,0,0,0,0,0,0,0,0,0,0,0,0,0,0,0,0,0,0,0,0,0,0,0]} 1. e4 g6 2. d4 Bg7 3. Nf3 d6 4. Bd3 Nf6 5. O-O O-O 6. Re1 c5 {B07: Pirc Defence: Miscellaneous Systems} (6... Nc6 7. d5 Nb8 8. h3 Nbd7 9. c4 Nc5 10. Bc2 a5 11. Nc3 e5 12. Bg5 Qe8 13. Nb5 Qe7 14. b3 {1-0 (46) Grischuk,A (2750)-Carlsen,M (2832) chess.com INT 2017}) 7. dxc5 dxc5 8. e5 Nd5 9. Be4 {LiveBook: 5 Games} Nb6 10. Nc3 Nc6 $146 ({Predecessor:} 10... Qxd1 11. Rxd1 N8d7 12. Bf4 c4 13. a4 Nc5 14. a5 Nxe4 15. Nxe4 {1-0 (52) Grigoriants,S (2573)-Kovalenko,I (2661) Moscow 2015}) 11. Bxc6 {Qxd8 is the strong threat.} bxc6 12. Bg5 Qc7 13. h3 Ba6 14. Qc1 Rad8 (14... Bc4 $14) 15. Bh6 $16 Bc8 16. Bxg7 ({White should try} 16. Re4) 16... Kxg7 17. Ne4 c4 18. Qf4 Bf5 19. Re2 Nd5 20. Qh4 Bxe4 21. Rxe4 c3 22. bxc3 Nxc3 23. Rc4 Nd5 {[%cal Bc3d5,Bd5b4,Bb4c2][%mdl 32]} 24. Re1 e6 25. Rce4 Qe7 26. Qg3 c5 27. c4 ({White must play} 27. a3 $1 $11) 27... Nb4 28. h4 {[%cal Bh3h4,Bh4h5][%mdl 32]} Nc2 29. Rb1 Nd4 30. h5 Nf5 31. Qf4 h6 32. g4 g5 $2 {[%mdl 8192]} (32... Nd4 $1 $11) 33. Qc1 $2 (33. gxf5 $18 {Strongly threatening f6+.} exf5 34. Qxf5) 33... Nd4 $36 {[%mdl 2048] White is under pressure.} 34. Nxd4 Rxd4 35. Rxd4 cxd4 {[%mdl 4096] Endgame KQR-KQR} 36. Qd2 Qc5 37. Qe2 (37. Qd3 $15) 37... Rd8 $17 38. Rd1 {[#]} d3 $1 {[%mdl 512]} 39. Rxd3 Qxc4 40. Re3 Qxe2 ({Better is} 40... Qc5 $17 41. Kh2 Rd4) 41. Rxe2 {KR-KR. The position is equal.} Rd4 42. f3 a5 43. Kf2 a4 44. Re4 Rd2+ 45. Re2 Rd4 46. Re4 Rd2+ 47. Re2 Rd3 48. Re4 a3 49. Re3 Rd2+ {[%mdl 64] [#] Double Attack} 50. Re2 Rd3 51. Re3 Rd2+ {[%mdl 64] Double Attack} 52. Re2 Rd3 {Accuracy: White = 54%, Black = 49%.} 1/2-1/2

[Event "Kings Tournament ROMGAZ 2018-B"]
[Site "Bucharest"]
[Date "2018.11.21"]
[Round "4"]
[White "Istratescu, Andrei"]
[Black "Parligras, Mircea-Emilian"]
[Result "1/2-1/2"]
[WhiteElo "2565"]
[BlackElo "2645"]
[Annotator "TA"]
[PlyCount "51"]
[EventDate "2018.11.21"]
[EventCountry "ROU"]
[SourceTitle "playchess.com"]
[Source "ChessBase"]
[SourceQuality "1"]

{[%evp 26,51,17,27,25,0,0,0,0,-8,-7,-6,0,-18,-15,-17,-12,-12,-8,-7,21,30,23,30,21,-15,-15,-15]} 1. d4 Nf6 2. c4 e6 3. Nf3 d5 4. g3 Bb4+ 5. Bd2 Bd6 6. Bg2 c6 7. Qc2 Nbd7 8. O-O O-O 9. Bg5 h6 10. Bxf6 Nxf6 11. Nbd2 b6 {E01: Catalan: Early deviations} 12. e4 dxe4 (12... Be7 13. Rfd1 Bb7 14. Rac1 Rc8 15. Ne5 dxc4 16. Ndxc4 b5 17. Qb3 a6 18. Ne3 Nd7 19. N3g4 Nxe5 20. Nxe5 {0-1 (59) Moroni,L (2559)-Wojtaszek,R (2738) Batumi 2018}) 13. Nxe4 Nxe4 14. Qxe4 {LiveBook: 12 Games} Ba6 15. b3 c5 $146 ({Predecessor:} 15... Qc7 16. Rfe1 Rad8 17. Ne5 c5 18. dxc5 Bxc5 19. Red1 {1-0 (37) Piyumantha,M (1908)-Alahakoon,I (2059) Colombo 2017}) 16. Rad1 {[#] Black must now prevent dxc5.} Qc7 17. dxc5 Bxc5 18. Ne5 {Threatens to win with Rd7.} Rad8 19. Rd3 Rxd3 20. Nxd3 Bd6 21. Rd1 Rd8 22. Ne5 Bb7 23. Qxb7 Bxe5 24. Rxd8+ Qxd8 25. Qa8 Qxa8 26. Bxa8 1/2-1/2

[Event "Kings Tournament ROMGAZ 2018-B"]
[Site "Bucharest"]
[Date "2018.11.21"]
[Round "4"]
[White "L'Ami, Alina"]
[Black "Foisor, Sabina-Francesca"]
[Result "0-1"]
[WhiteElo "2285"]
[BlackElo "2264"]
[Annotator "TA"]
[PlyCount "77"]
[EventDate "2018.11.21"]
[EventCountry "ROU"]
[SourceTitle "playchess.com"]
[Source "ChessBase"]
[SourceQuality "1"]

{[%evp 9,77,3,33,31,43,18,34,36,38,18,60,59,58,15,16,10,10,15,8,0,7,-14,-12,-337,-18,-30,-2,0,0,0,0,0,6,-10,10,10,85,41,25,13,48,47,46,45,47,55,50,42,50,0,0,0,0,-5,-8,-106,-18,-28,-22,-93,987,-1116,611,137,753,-709,231,252,388,-225]} 1. d4 d5 2. c4 c6 3. Nf3 Nf6 4. Nc3 a6 5. Bg5 e6 (5... dxc4 6. a4 h6 7. Bxf6 exf6 8. e3 b5 9. axb5 cxb5 10. Nxb5 axb5 11. Rxa8 Bb7 12. Ra1 Bb4+ 13. Nd2 {½-½ (44) Jobava,B (2696)-Andreikin,D (2737) Tbilisi 2015}) 6. e3 {D15: Slav Defence: 4 Nc3 a6 and gambit lines after 4 Nc3 dxc4} Be7 7. Rc1 Nbd7 8. c5 {White is slightly better.} h6 9. Bh4 Nh5 10. Bxe7 Qxe7 11. Bd3 $146 ({Predecessor:} 11. Nd2 Nhf6 12. f4 b6 13. b4 a5 14. a3 O-O 15. Bd3 {0-1 (36) Meister,A (1962)-Schmidt,J (1874) Berlin 2018}) 11... e5 $1 12. Nxe5 Nxe5 13. dxe5 Qxe5 14. O-O Nf6 15. Na4 O-O (15... Ng4 $5 16. g3 $8 Qh5 $11) 16. Qb3 $2 {[%mdl 8192] [#]} (16. h3 $11) 16... Rb8 $2 (16... Ng4 $1 $19 {[%csl Gg4][%cal Re5h2]} 17. g3 Qh5) 17. Qc3 Qh5 (17... Qg5 {is interesting.} 18. Qc2 Bg4 19. Kh1 Bh5 20. b4 Rfe8) 18. Qd4 Re8 19. Qf4 $36 {[%mdl 2048] Black is under pressure.} Qe5 20. Qxe5 Rxe5 21. Nc3 Bd7 22. Ne2 b5 (22... Bf5 $11 23. Bxf5 Rxf5) 23. b4 a5 24. a3 {[%cal Ba2a3,Ba3b4][%mdl 32]} axb4 25. axb4 Ra8 26. Ra1 Ree8 $1 27. Nd4 Kf8 28. Rfe1 Ng4 29. Bf5 Bxf5 30. Nxf5 Ne5 31. Nd6 Reb8 {With the idea ...Nd3.} 32. Kf1 (32. Rad1 $11 {remains equal.}) 32... g6 (32... Ra4 $17 33. Rxa4 bxa4) 33. Ke2 Ke7 34. f4 (34. e4 $11) 34... Re8 $2 {[%mdl 8192]} (34... Nc4 $17 35. Nxc4 bxc4) 35. Ra2 $4 {[%mdl 8192]} (35. Nxe8 $18 Rxe8 36. fxe5) 35... h5 $4 {[%mdl 8192]} (35... Rxa2+ $19 36. Kf1 Nd3 {[%mdl 64] Double Attack}) 36. Rc2 $2 (36. Rea1 $18 {has better winning chances.} Rxa2+ 37. Rxa2) 36... Ke6 $2 {[%mdl 8192]} (36... Ng4 $16) 37. Rc4 $4 {[%mdl 8192]} (37. Nxe8 $18 Rxe8 38. fxe5) 37... h4 $4 {[%mdl 8192] [#]} (37... Nxc4 $19 {avoids the disaster.} 38. Nxe8 Rxe8) 38. Rd4 $1 $18 Rf8 (38... Nc4 {is a better defense.}) 39. f5+ $4 {[%mdl 8192] Accuracy: White = 20%, Black = 32%.} (39. fxe5 $18 Ra2+ 40. Rd2 Rxd2+ 41. Kxd2) 0-1